Domino Les Animaux (Record no. 263)
[ view plain ]
| 000 -LEADER | |
|---|---|
| Leader | 00305npm a2200133 4500 |
| 003 - IDENTIFIANT DE NUMÉRO DE CONTRÔLE | |
| champ de contrôle | OSt |
| 005 - DATE ET HEURE DE LA DERNIÈRE TRANSACTION | |
| champ de contrôle | 20260122184125.0 |
| 008 - Éléments de longueur fixe - Renseignements généraux | |
| Leader | 260122b |||||||| |||| 00| 0 fre d |
| 040 ## - SOURCE DE CATALOGAGE | |
| Agence transcriptrice | autismepaimpol.fr |
| 245 ## - Titre | |
| Titre | Domino Les Animaux |
| 260 ## - Publication, diffusion, etc. (marque d'éditeur) | |
| Nom de l'éditeur, du diffuseur, etc. | NATHAN |
| 942 ## - Type d'objet | |
| Type d'objet | Matériel pédagogique |
| 520 ## - Abrégé | |
| Abrégé | Un jeu de domino classique |
| 999 ## - | |
| -- | 263 |
| -- | 263 |
| Statut retiré des collections | Statut perdu | Source de classification / plan de classement | Statut endommagé | Exclu du prêt | Site de rattachement | Site actuel | Date d'acquisition | Total des prêts | Code à barres | Vu en dernier | Prix effectif de | Type de document Koha |
|---|---|---|---|---|---|---|---|---|---|---|---|---|
| Classification décimale de Dewey | Autisme Paimpol - Matériel | Autisme Paimpol - Matériel | 22/01/2026 | 206 | 22/01/2026 | 22/01/2026 | Matériel pédagogique |